MARC details
| 000 -LEADER |
| fixed length control field |
03202cam a2200361 i 4500 |
| 001 - CONTROL NUMBER |
| control field |
757475993 |
| 003 - CONTROL NUMBER IDENTIFIER |
| control field |
OCoLC |
| 005 - DATE AND TIME OF LATEST TRANSACTION |
| control field |
20241126110721.0 |
| 008 - FIXED-LENGTH DATA ELEMENTS--GENERAL INFORMATION |
| fixed length control field |
120319s2012 miu b 001 0ceng |
| 010 ## - |
| -- |
2012009033 |
| 020 ## - INTERNATIONAL STANDARD BOOK NUMBER |
| International Standard Book Number |
9780801033568 (hbk.) |
| 020 ## - INTERNATIONAL STANDARD BOOK NUMBER |
| International Standard Book Number |
080103356X (hbk.) |
| 035 ## - SYSTEM CONTROL NUMBER |
| System control number |
(OCoLC)757475993 |
| 040 ## - CATALOGING SOURCE |
| Original cataloging agency |
DLC |
| Language of cataloging |
eng |
| Description conventions |
rda |
| Transcribing agency |
DLC |
| Modifying agency |
IG# |
| -- |
BTCTA |
| -- |
BDX |
| -- |
YDXCP |
| -- |
KAT |
| 050 00 - |
| -- |
BS501.A1 |
| -- |
H36 2012 |
| 082 00 - DEWEY DECIMAL CLASSIFICATION NUMBER |
| Classification number |
220.609252 |
| Edition information |
23 |
| Item number |
HAN |
| 245 00 - TITLE STATEMENT |
| Title |
Handbook of women Biblical interpreters : |
| Remainder of title |
a historical and biographical guide / |
| Statement of responsibility, etc. |
Marion Ann Taylor, editor ; Agnes Choi, associate editor. |
| 264 #1 - PRODUCTION, PUBLICATION, DISTRIBUTION, MANUFACTURE, AND COPYRIGHT NOTICE |
| Place of production, publication, distribution, manufacture |
Grand Rapids, Mich. : |
| Name of producer, publisher, distributor, manufacturer |
Baker Academic, |
| Date of production, publication, distribution, manufacture, or copyright notice |
[2012] |
| 264 #4 - PRODUCTION, PUBLICATION, DISTRIBUTION, MANUFACTURE, AND COPYRIGHT NOTICE |
| Date of production, publication, distribution, manufacture, or copyright notice |
℗♭2012 |
| 300 ## - PHYSICAL DESCRIPTION |
| Extent |
xvii, 585 pages ; |
| Dimensions |
24 cm |
| 336 ## - CONTENT TYPE |
| Content type term |
text |
| Content type code |
txt |
| Source |
rdacontent |
| 337 ## - MEDIA TYPE |
| Media type term |
unmediated |
| Media type code |
n |
| Source |
rdamedia |
| 338 ## - CARRIER TYPE |
| Carrier type term |
volume |
| Carrier type code |
nc |
| Source |
rdacarrier |
| 504 ## - BIBLIOGRAPHY, ETC. NOTE |
| Bibliography, etc. note |
Includes bibliographical references and indexes. |
| 520 8# - SUMMARY, ETC. |
| Summary, etc. |
"The history of women interpreters of the Bible is a neglected area of study. Marion Taylor presents a one-volume reference tool that introduces readers to a wide array of women interpreters of the Bible from the entire history of Christianity, from the early church to the twenty-first century. Her research has implications for understanding biblical interpretation--especially the history of interpretation--and influencing contemporary study of women and the Bible. Contributions by over 125 top scholars introduce foremothers of the faith who address issues of interpretation that continue to be relevant to faith communities today, such as women's roles in the church and synagogue and the idea of religious feminism. Women's interpretations also raise awareness about differences in the ways women and men may read the Scriptures in light of differences in their life experiences. This text will prove useful to students, scholars, and pastors, who will be inspired, provoked, and challenged by the women introduced in the handbook. It will also provide a foundation for further detailed research and analysis. Some of the interpreters referenced include: Elizabeth Rice Achtemeier; Birgitta of Sweden; Catherine Mumford Booth; Anne Bradstreet; Catherine of Siena; Clare of Assisi; Egeria; Elizabeth I; Hildegard of Bingen; Julian of Norwich; Thrs©± of Lisieux; Marcella; Henrietta C. Mears; Florence Nightingale; Phoebe Palmer; Faltonia Betitia Proba; Pandita Ramabai; Christina Georgina Rossetti; Dorothy Leigh Sayers; Elizabeth Cady Stanton; Harriet Beecher Stowe; Teresa of Avila; Sojourner Truth; Susanna Wesley" -- Publisher description. |
| 630 00 - SUBJECT ADDED ENTRY--UNIFORM TITLE |
| Uniform title |
Bible |
| General subdivision |
Criticism, interpretation, etc. |
| -- |
History. |
| Authority record control number or standard number |
https://id.loc.gov/authorities/subjects/sh85013621 |
| 9 (RLIN) |
1904 |
| 650 #0 - SUBJECT ADDED ENTRY--TOPICAL TERM |
| Topical term or geographic name entry element |
Women Biblical scholars. |
| Authority record control number or standard number |
https://id.loc.gov/authorities/subjects/sh91005364 |
| 9 (RLIN) |
17202 |
| 655 #7 - INDEX TERM--GENRE/FORM |
| Genre/form data or focus term |
Biographies. |
| Source of term |
lcgft |
| Authority record control number or standard number |
https://id.loc.gov/authorities/genreForms/gf2014026049 |
| 9 (RLIN) |
15724 |
| 700 1# - ADDED ENTRY--PERSONAL NAME |
| Personal name |
Taylor, Marion Ann. |
| Authority record control number or standard number |
https://id.loc.gov/authorities/names/n92011979 |
| 9 (RLIN) |
17203 |
| 700 1# - ADDED ENTRY--PERSONAL NAME |
| Personal name |
Choi, Agnes. |
| Authority record control number or standard number |
https://id.loc.gov/authorities/names/n2012018499 |
| 9 (RLIN) |
17204 |
| 700 1# - ADDED ENTRY--PERSONAL NAME |
| Personal name |
Schroeder, Joy A., |
| Dates associated with a name |
1963- |
| Authority record control number or standard number |
https://id.loc.gov/authorities/names/n2007013636 |
| 9 (RLIN) |
17205 |
| 942 ## - ADDED ENTRY ELEMENTS (KOHA) |
| Source of classification or shelving scheme |
Dewey Decimal Classification |
| Koha item type |
Reference Books |